Demostracion y aprendizaje motor : una revision de literatura (Registro nro. 403420)

Detalles MARC
001 - NÚMERO DE CONTROL
campo de control 1005275
005 - FECHA Y HORA DE LA ÚLTIMA TRANSACCIÓN
campo de control 20241115090623.0
008 - DATOS DE LONGITUD FIJA--INFORMACIÓN GENERAL
campo de control de longitud fija 061117s1996 spa
035 ## - NÚMERO DE CONTROL DEL SISTEMA
Número de control de sistema 1005275
035 ## - NÚMERO DE CONTROL DEL SISTEMA
Número de control de sistema (OCoLC)820134961
040 ## - FUENTE DE LA CATALOGACIÓN
Centro/agencia transcriptor comduadb
041 ## - CÓDIGO DE LENGUA
Código de lengua del texto/banda sonora o título independiente spa
100 10 - ENTRADA PRINCIPAL--NOMBRE DE PERSONA
Nombre de persona Moraga Lopez, Monica
Código de función aut
Término indicativo de función/relación Autor/a
9 (RLIN) 430991
245 10 - MENCIÓN DE TÍTULO
Título Demostracion y aprendizaje motor : una revision de literatura
260 ## - PUBLICACIÓN, DISTRIBUCIÓN, ETC.
Fecha de publicación, distribución, etc. 1996.
650 #7 - PUNTO DE ACCESO ADICIONAL DE MATERIA--TÉRMINO DE MATERIA
Término de materia o nombre geográfico como elemento de entrada Aprendizaje motor
Fuente del encabezamiento o término armarc
9 (RLIN) 69110
650 ## - PUNTO DE ACCESO ADICIONAL DE MATERIA--TÉRMINO DE MATERIA
Término de materia o nombre geográfico como elemento de entrada Observación (Método educativo)
9 (RLIN) 85877
650 #7 - PUNTO DE ACCESO ADICIONAL DE MATERIA--TÉRMINO DE MATERIA
Término de materia o nombre geográfico como elemento de entrada Educación física
Fuente del encabezamiento o término lemb
9 (RLIN) 1252
700 10 - ENTRADA AGREGADA--NOMBRE PERSONAL
Nombre de persona Ferreira, Mauro
Código de función aut
Término indicativo de función/relación Autor/a
9 (RLIN) 427289
700 10 - ENTRADA AGREGADA--NOMBRE PERSONAL
Nombre de persona Oliva Aravena, César
Código de función aut
Término indicativo de función/relación Autor/a
9 (RLIN) 423329
773 0# - ENLACE AL DOCUMENTO FUENTE/ENTRADA DE REGISTRO ANFITRIÓN
Título Revista Ciencias de la Actividad Física (Chile)
Parte(s) relacionada(s) Vol. 04, No. 07-08, Ene.-Dic. 1996, 117-138
Número de control del registro 992295
Número Internacional Normalizado para Publicaciones Seriadas 0717-0300
Número bibliográfico anfitrión 401378
942 ## - ELEMENTOS DE ENTRADA AGREGADA (KOHA)
Tipo de ítem Koha Artículo de Revista

No hay ítems disponibles.